|
|
|
|
| LEADER |
02082nam a2200457 i 4500 |
| 001 |
EBC1524040 |
| 003 |
MiAaPQ |
| 005 |
20200520144314.0 |
| 006 |
m o d | |
| 007 |
cr cnu|||||||| |
| 008 |
131111t20132013mdu ob 000 0 eng d |
| 020 |
|
|
|z 9780739177860
|
| 020 |
|
|
|a 9780739177877
|q (electronic bk.)
|
| 035 |
|
|
|a (MiAaPQ)EBC1524040
|
| 035 |
|
|
|a (Au-PeEL)EBL1524040
|
| 035 |
|
|
|a (CaPaEBR)ebr10792237
|
| 035 |
|
|
|a (CaONFJC)MIL540672
|
| 035 |
|
|
|a (OCoLC)862745821
|
| 040 |
|
|
|a MiAaPQ
|b eng
|e rda
|e pn
|c MiAaPQ
|d MiAaPQ
|
| 043 |
|
|
|a a-vt---
|
| 050 |
|
4 |
|a HC444
|b .J36 2013
|
| 100 |
1 |
|
|a Jandl, Thomas,
|d 1965-
|
| 245 |
1 |
0 |
|a Vietnam in the global economy :
|b the dynamics of integration, decentralization, and contested politics /
|c Thomas Jandl.
|
| 264 |
|
1 |
|a Lanham :
|b Lexington Books,
|c [2013]
|
| 264 |
|
4 |
|c 2013
|
| 300 |
|
|
|a 1 online resource (316 pages)
|
| 336 |
|
|
|a text
|2 rdacontent
|
| 337 |
|
|
|a computer
|2 rdamedia
|
| 338 |
|
|
|a online resource
|2 rdacarrier
|
| 504 |
|
|
|a Includes bibliographies.
|
| 505 |
0 |
|
|a Theory and research methodology -- From roving to stationary bandit : a history -- Decentralization, FDI, and provincial governance -- Proximity and contestation -- Race to the bottom vs. harmony of interest -- Capital-labor relations and the harmony of interest -- Central-local harmony and political control -- Lessons for theory and practice.
|
| 588 |
|
|
|a Description based on online resource; title from PDF title page (ebrary, viewed December 6, 2013).
|
| 590 |
|
|
|a Electronic reproduction. Ann Arbor, MI : ProQuest, 2015. Available via World Wide Web. Access may be limited to ProQuest affiliated libraries.
|
| 650 |
|
0 |
|a Decentralization in government
|x Economic aspects
|z Vietnam.
|
| 650 |
|
0 |
|a Economic development
|z Vietnam.
|
| 650 |
|
0 |
|a Investments, Foreign
|z Vietnam.
|
| 650 |
|
0 |
|a Rent seeking
|z Vietnam.
|
| 651 |
|
0 |
|a Vietnam
|x Economic policy
|y 1975-
|
| 655 |
|
4 |
|a Electronic books.
|
| 797 |
2 |
|
|a ProQuest (Firm)
|
| 856 |
4 |
0 |
|u https://ebookcentral.proquest.com/lib/matrademy/detail.action?docID=1524040
|z Click to View
|